00680nam a22001697a 4500003000200000005001700002008004100019050002900060100002700089245012000116260008500236300003300321504004100354650003600395650004700431650003200478020250115122214.0160116b xxu||||| |||| 00| 0 eng d aPHS RS 431.A8b.J26 2015 aJalique, Jeslin Mae M. aMatricaria recutita (Chamomile) and its Anti-Bacterial Properties Against Escherichia colicJeslin Mae M. Jalique  aLas Piñas, Philippines :bSouthville International School and Colleges,c2015. aiii, 18 p. :bill. ;c28 cm. aIncludes bibliographical references. aMedicinal plantsvPharmacology. aNatural productsvPharmacological aspects. aChamomilevTherapeutic use.